000 00778cab a2200253 4500
001 ABS53886
008 090401t1995 xxu||||| |||| 00| 0 eng d
035 _a(Sirsi) u7162
041 _aeng
100 _aWendel, D.
245 _aContingency estimating for environmental remediation projects
260 _c1995
350 _a0
490 _aCost Engineering
_v37(11) November 1995, 43-46(4)
520 _aExplains how to calculate a range of costs for environmental remediation, and considers eventualities to be taken into account.
650 _aCONTINGENCY PLANNING
650 _aCOSTS
650 _aENVIRONMENTAL REMEDIATION
650 _aESTIMATING
650 _aPOLLUTION
690 _aBUILT ENVIRONMENT-BUILDING COSTS
942 _n0
948 _c04/03/1997
999 _c4286
_d4286